000 01083nam a2200289 4500
001 0000019920
003 CO-CtgCURN
005 20250331185202.0
007 ta
008 160627s1999 000 0 eng d
020 _a844580984X
040 _aCO-CtgCURN
_bspa
_ccoctgcurn
082 0 _a616.135
_bC17t
100 1 _aCasals Sole, Francesc J.
245 1 0 _aTrombosis venosas /
_cFrancesc J. Casals Sole.
260 _aMadrid :
_bMasson,
_c1999.
300 _a193 p.
336 _2rdacontent
337 _2rdamedia
_asin mediacion
_bn
338 _2rdacarrier
_avolumen
_bnc
500 _aIncluye indice Alfabetico de Materias.
505 8 _aRecuerdo anatomico y fisiologico del sistema venoso.--Trombosis venosa de extremidades inferiores.--Trombosis venosa de extremidades superiores.--Trombosis venosa en otras localizaciones.--Complicaciones de la trombosis venosa.--Heparinas.--Anticoagulantes orales
650 1 4 _aTrombosis.
908 _a160627
942 _cBK
_h616.135
_iC17t
_2ddc
999 _c22315
_d22315